| 000 | 00459nam a2200133Ia 4500 | ||
|---|---|---|---|
| 008 | 170221s9999 xx 000 0 und d | ||
| 100 | _aStacy R. Wade | ||
| 245 | _aHome sweet home: Considerations for determining a person’s “tax home” | ||
| 245 | _cStacy R. Wade, Western Kentucky University. | ||
| 260 | _bJournal of Management and Marketing Research | ||
| 260 | _c2013 | ||
| 650 | _xBusiness | ||
| 856 | _uhttp://www.aabri.com/manuscripts/142087.pdf | ||
| 999 |
_c309555 _d309555 |
||